[Event "Novosibirsk op"]
[Site "Novosibirsk"]
[Date "2010.06.07"]
[Round "4"]
[White "Dolzhenkov, Andrei"]
[Black "Volkov, Petr"]
[Result "0-1"]
[WhiteElo "2015"]
[BlackElo "2065"]
[PlyCount "88"]
[EventDate "2010.06.03"]
[EventType "swiss"]
[EventRounds "9"]
[EventCountry "RUS"]
[SourceTitle "CBM 136 Extra"]
[Source "ChessBase"]
[SourceDate "2010.07.02"]
[SourceVersion "2"]
[SourceVersionDate "2010.07.15"]
[SourceQuality "1"]

1. e4 e5 2. Nf3 Nc6 3. Bc4 Nf6 4. Ng5 d5 5. exd5 b5 6. dxc6 bxc4 7. Nc3 Bg4 8. f3 Bf5 9. Qe2 Bd6 10. Qxc4 0-0 11. d3 Rb8 12. a3 h6 13. Nge4 Be6 14. Nxf6+ Qxf6 15. Qe4 Bf5 16. Qe2 Bc5 17. Rb1 Qxc6 18. Ne4 Bxa3 19. 0-0 Bxe4 20. fxe4 Bc5+ 21. Be3 Bxe3+ 22. Qxe3 Qxc2 23. Rfc1 Qa4 24. Rxc7 a5 25. Rc5 Rb5 26. Rc4 Qb3 27. Qd2 Rd8 28. Rc3 Qb4 29. Qc2 Qd4+ 30. Kh1 Rdb8 31. h3 R8b6 32. Rc4 Rxb2 33. Rxd4 Rxb1+ 34. Kh2 exd4 35. Qc8+ Kh7 36. Qf5+ Rg6 37. g4 Rb8 38. Qxa5 Rf6 39. Qe1 Rf3 40. e5 Rb2+ 41. Kg1 Re3 42. Qa1 Ree2 43. Kf1 Rh2 44. Kg1 Rbg2+ 0-1

[Event "SFR-ch Seniors"]
[Site "Novosibirsk"]
[Date "2008.10.16"]
[Round "9"]
[White "Romanov, Viktor"]
[Black "Volkov, Petr"]
[Result "1-0"]
[WhiteElo "1984"]
[BlackElo "2076"]
[PlyCount "77"]
[EventDate "2008.10.08"]
[EventType "swiss"]
[EventRounds "9"]
[EventCountry "RUS"]
[SourceTitle "EXT 2022"]
[Source "ChessBase"]
[SourceDate "2021.10.06"]
[SourceVersion "1"]
[SourceVersionDate "2021.10.06"]
[SourceQuality "1"]

1. c4 e5 2. Nc3 Nc6 3. g3 g6 4. Bg2 Bg7 5. Nf3 Nge7 6. 0-0 d6 7. d3 0-0 8. a3 h6 9. e4 f5 10. b4 f4 11. b5 Nd4 12. Nxd4 exd4 13. Nd5 g5 14. gxf4 gxf4 15. Nxf4 Be5 16. Ne2 Bg4 17. f3 Bh5 18. Ng3 Qe8 19. Bxh6 Rf4 20. Qd2 Rh4 21. Bg5 Ng6 22. Bxh4 Bf4 23. Nxh5 Bxd2 24. Nf6+ Kf7 25. Nxe8 Nxh4 26. Nxd6+ cxd6 27. Ra2 Be3+ 28. Kh1 Ng6 29. f4 Rh8 30. Raf2 Nh4 31. e5 dxe5 32. fxe5+ Bxf2 33. Rxf2+ Ke6 34. Bxb7 Kxe5 35. Be4 Rb8 36. a4 a6 37. h3 axb5 38. axb5 Rb6 39. Kh2 1-0

[Event "Novosibirsk-ch Seniors op"]
[Site "Novosibirsk"]
[Date "2008.09.28"]
[Round "4"]
[White "Volkov, Petr"]
[Black "Chesnokov, Gennady"]
[Result "1/2-1/2"]
[WhiteElo "2095"]
[BlackElo "2003"]
[PlyCount "104"]
[EventDate "2008.09.25"]
[EventType "swiss"]
[EventRounds "9"]
[EventCountry "RUS"]
[SourceTitle "EXT 2022"]
[Source "ChessBase"]
[SourceDate "2021.10.06"]
[SourceVersion "1"]
[SourceVersionDate "2021.10.06"]
[SourceQuality "1"]

1. e4 c6 2. d4 d5 3. e5 c5 4. Be3 cxd4 5. Bxd4 Nc6 6. Nc3 e6 7. f4 Nge7 8. Bc5 a6 9. Nf3 Ng6 10. Bxf8 Kxf8 11. Qd2 Nh4 12. Nxh4 Qxh4+ 13. g3 Qe7 14. 0-0-0 Qb4 15. Bg2 Bd7 16. Rhe1 g6 17. g4 Na5 18. a3 Qb6 19. Bxd5 exd5 20. Nxd5 Qxb2+ 21. Kxb2 Nc4+ 22. Kb1 Nxd2+ 23. Rxd2 Bxg4 24. e6 Bxe6 25. Nc7 Rc8 26. Nxe6+ fxe6 27. Rxe6 Kf7 28. Rb6 Rc7 29. f5 gxf5 30. Rd5 Kg7 31. Rxf5 Rf8 32. Rxf8 Kxf8 33. Kb2 Ke8 34. Kb3 Kd8 35. c4 Kc8 36. Rh6 Kb8 37. Kb4 Ka7 38. c5 Rd7 39. Kc4 Kb8 40. a4 Kc7 41. h4 Kc8 42. a5 Kc7 43. h5 Rf7 44. Kd4 Rg7 45. Rf6 Rg4+ 46. Ke5 Rg5+ 47. Rf5 Rg1 48. h6 Kc6 49. Rf7 Rg5+ 50. Rf5 Rxf5+ 51. Kxf5 Kxc5 52. Kf6 Kd6 1/2-1/2